Návrh montáže automatickej zbrane

Uložené v:
Podrobná bibliografia
Hlavný autor: Macko, Marek (Autor)
Ďalší autori: Václav, Štefan (Vedúci práce)
Médium: Rukopis Kniha
Jazyk:Slovak
Vydavateľské údaje: 2017
Predmet:
On-line prístup:http://is.stuba.sk/zp/portal_zp.pl?podrobnosti=122399
Tagy: Pridať tag
Žiadne tagy, Buďte prvý, kto otaguje tento záznam!

MARC

LEADER 00000ntm a22000003a 4500
001 stuzp62288
003 SK-STU
005 20170624211420.5
007 ta
008 150427s2015----xo-----f-mn---000-0-slo-d
040 |a STU  |b slo 
041 0 |a slo 
100 1 |a Macko, Marek  |u 063000  |4 aut  |U MTF Materiálovotechnologická fakulta  |T MTF Ústav výrobných technológií  |X 77419  |U M3000  |Y 83  |7 77419 
242 0 1 |a Assembly design of an automatic weapon  |y eng 
245 1 0 |a Návrh montáže automatickej zbrane 
260 |c 2017 
650 4 |a montáž  |2 slo 
650 4 |a montážne pracovisko  |2 slo 
650 4 |a automatická zbraň  |2 slo 
650 4 |a assembly  |2 eng 
650 4 |a assembly workplaces  |2 eng 
650 4 |a automatic weapon  |2 eng 
700 1 |a Václav, Štefan  |u 063000  |k Z1  |4 ths  |U MTF Materiálovotechnologická fakulta  |T MTF Ústav výrobných technológií  |X 2778  |U M3000  |Y 83  |7 A000002778 
856 4 |u http://is.stuba.sk/zp/portal_zp.pl?podrobnosti=122399 
996 |c M* BP-8099  |l MMSKP  |s P  |a 0  |w stuzp62288_0001